Parcs de loisirs de France sur une carte - Statistiques

Statistiques générales
  • Ce quiz a été pris 913 fois
  • Le résultat moyen est 11 sur 15
Réponses sur la Carte
Les réponses sont colorées sur une échelle allant du rouge au vert en fonction du pourcentage des utilisateurs qui les ont devinées à leur premier essai. Vous pouvez retrouver ces pourcentages ci-dessous.
 
Statistiques - réponses
Réponse % Correct
Disneyland Paris
90%
Walibi Rhône-Alpes
89%
Parc Astérix
87%
Azur Park
83%
Vulcania
82%
Futuroscope
77%
Cité de l'Espace
75%
Puy du Fou
73%
Océanopolis
69%
Nigloland
68%
ZooParc de Beauval
66%
Terra Botanica
57%
Le Pal
53%
Parc Bagatelle
52%
La Cité de la Mer
50%
Aucun quiz correspondant
Distribution des résultats
% des personnes avec chaque résultat
Percentile par nombre de réponses
Votre historique - résultats
Vous n’avez pas pris ce quiz